000 00726nam a22002177a 4500
999 _c7765
_d7765
003 AR-CdUCM
008 190321b ||||| |||| 00| 0 spa d
040 _aMUNICIPALIDAD PROVINCIAL DEL CUSCO
_cBIBLIOTECA MUNICIPAL DEL CUSCO
082 _a342.3 /
_bAL43
100 _aAllen, Richard V.
_921935
245 _a¿Paz o coexistencia pacífica? /
260 _aChicago :
_bAmerican Bar Association,
_c1967.
300 _a200 páginas ;
_c19 cm.
505 _aContenido: El nuevo hombre comunista -- La coexistencia pacifica.
650 _aDemocracia
_92598
650 _aPacifismo
_921936
650 _aGobierno dictatoriales
_921937
700 _aDiaz Cruz, Mario (traductor)
_921938
942 _2ddc
_cLIBROS
945 _aafb